Γραμματισμός στην πρώτη σχολική ηλικία : μια ψυχογλωσσολογική προσέγγιση
Αποθηκεύτηκε σε:
| Κύριος συγγραφέας: | |
|---|---|
| Μορφή: | Βιβλίο |
| Γλώσσα: | Greek |
| Δημοσίευση: |
[Αθήνα] :
Gutenberg,
[2012].
|
| Σειρά: | Ψυχολογία (Gutenberg)
v. 36 |
| Θέματα: | |
| Ετικέτες: |
Προσθήκη ετικέτας
Δεν υπάρχουν, Καταχωρήστε ετικέτα πρώτοι!
|
MARC
| LEADER | 00000cam a2200000 i 4500 | ||
|---|---|---|---|
| 001 | 1/34404 | ||
| 008 | 130814s2012 gr | ||| |||| ||gre|| | ||
| 020 | |a 9789600115338 | ||
| 035 | |l 10115268 | ||
| 040 | |a GR-MY-UA |b gre |e aacr | ||
| 041 | 0 | |a gre | |
| 082 | 7 | |a 372.6 |2 (22) | |
| 100 | 1 | |a Αϊδίνης, Αθανάσιος. | |
| 245 | 1 | 0 | |a Γραμματισμός στην πρώτη σχολική ηλικία : |b μια ψυχογλωσσολογική προσέγγιση / |c Αθανάσιος Αϊδίνης. |
| 260 | |a [Αθήνα] : |b Gutenberg, |c [2012]. | ||
| 300 | |a 388 σ. ; |c 24 εκ. | ||
| 490 | 1 | |a (Ψυχολογία Gutenberg) ; |v v. 36 | |
| 504 | |a Βιβλιογραφία σ. [329]-388. | ||
| 650 | 0 | 0 | |a Language arts (Early childhood) |
| 650 | 0 | 0 | |a Language arts (Preschool) |
| 650 | 0 | 0 | |a Reading. |
| 650 | 0 | 0 | |a Learning, Psychology of. |
| 650 | 0 | 0 | |a Literacy |x Psychological aspects. |
| 650 | 0 | 0 | |a Reading (Preschool) |x Language experience approach. |
| 830 | 0 | |a Ψυχολογία (Gutenberg) |v v. 36 | |
| 852 | |a INST |b RHODES |e 20130814 |h 372.6 ΑIΔ |p 005400035485 |q 005400035485 |t BK |y 0 | ||
| 852 | |a INST |b RHODES |c EUDOXUS |e 20150909 |h 372.6 ΑIΔ |p 005400038014 |q 005400038014 |t EDX |y 0 | ||
| 901 | |a BIBL4-2013-2 | ||
| 909 | |a Ρ |b 179255 | ||
| 920 | |a Εύδοξος |b Επιστροφή |y Ρόδος |z 09-09-2015 | ||
| 922 | |a 4ΕΛΗ |b 2013-07 |c ΤΑΚ/ΠΤΔΕ |d BEST BOOK HUNTERS | ||
| 970 | |z 2013/08/14 | ||